Melayu dan tanah : Tumpuan khusus kepada tanah simpanan Melayu

Bibliographic Details
Main Author: Ahmad Nazri Abdullah
Format: Book
Published: Petaling Jaya : Media Intelek sdn bhd , 1985
Subjects:

MARC

LEADER 00000cam a2200000 7i4500
001 0000003054
005 20151119.0
020 |a 967953023X 
040 |a INS 
090 0 0 |a HD890.6   |b AH511 1985 
100 0 |a Ahmad Nazri Abdullah 
245 1 0 |a Melayu dan tanah :   |b Tumpuan khusus kepada tanah simpanan Melayu   |c Ahmad Nazri Abdullah 
260 |a Petaling Jaya :   |b Media Intelek sdn bhd ,   |c 1985 
300 |a v :   |b 269p :   |b map ;   |c 22cm. 
650 0 0 |a Land settelment   |x Malaysia 
650 0 0 |a Land tenure   |x Law and legislation   |y Malaysia 
650 0 0 |a Malays   |x Economic conditions 
999 |a 0000000999   |b BOOK   |c Open Shelf   |e Default branch 
999 |a 0000022444   |b BOOK   |c Open Shelf   |e Default branch